| 000 | 00678nam a2200217 a 4500 | ||
|---|---|---|---|
| 999 |
_c10824 _d10824 |
||
| 001 | 10824 | ||
| 003 | BD-JhCC | ||
| 005 | 20220512134022.0 | ||
| 008 | 190513b20092016bg |||| ||a| 000 0 ben d | ||
| 035 | _a(BD-JhCC)10824 | ||
| 040 |
_aBD-JhCC _dBD-JhCC |
||
| 041 | _aben | ||
| 082 |
_a891.433 _bAHM 2016 |
||
| 100 | _aআহমেদ, হুমায়ূন | ||
| 245 |
_aবাদল দিনের দ্বিতীয় কদম ফুল / _cহুমায়ূন আহমেদ |
||
| 260 |
_aঢাকা, _bকাকলী প্রকাশনী; _c2016. |
||
| 300 |
_a110 p. : _c22 cm. |
||
| 650 | _aBengli Novel | ||
| 942 |
_2ddc _cBK _016 |
||